Sports Quiz

Random Sports Quiz

Can you name the f1 champs in order 2016-1950 Quiz Stats

 Plays Quiz not verified by Sporcle

Challenge
Share
Tweet
Embed
Score 0/67 Timer 10:00
0 Plays Today
Year Answer % Correct
????
100%
????
98.7%
????
98.7%
????
98.7%
????
98.7%
????
98.7%
????
98.7%
????
97.3%
????
97.3%
????
94.7%
????
93.3%
????
93.3%
????
93.3%
????
93.3%
????
93.3%
????
93.3%
????
93.3%
????
92%
????
92%
????
92%
????
92%
????
90.7%
????
90.7%
????
90.7%
????
90.7%
????
90.7%
????
90.7%
????
90.7%
????
90.7%
????
90.7%
????
89.3%
????
88%
????
86.7%
????
86.7%
Year Answer % Correct
????
85.3%
????
85.3%
????
85.3%
????
85.3%
????
84%
????
84%
????
84%
????
84%
????
82.7%
????
82.7%
????
81.3%
????
81.3%
????
81.3%
????
81.3%
????
81.3%
????
81.3%
????
78.7%
????
77.3%
????
76%
????
76%
????
76%
????
74.7%
????
73.3%
????
73.3%
????
72%
????
72%
????
72%
????
72%
????
70.7%
????
70.7%
????
70.7%
????
70.7%
????
70.7%

You're not logged in!

Compare scores with friends on all Sporcle quizzes.
Join for Free
OR
Log In

You Might Also Like...

Show Comments

Extras

Created Dec 17, 2016ReportNominate
Tags:champ, order

Top Quizzes Today


Score Distribution

Your Account Isn't Verified!

In order to create a playlist on Sporcle, you need to verify the email address you used during registration. Go to your Sporcle Settings to finish the process.

Report this User

Report this user for behavior that violates our Community Guidelines.

Details: